Новый подход к анализу геологических и технических материалов методом АЭС-ИСП: диссертация на соискание ученой степени кандидата химических наук; спец. 1.4.2

Detalles Bibliográficos
Autor principal: Каримова Т. А. Татьяна Анатольевна
Autores Corporativos: Сибирский федеральный университет (570), Росгеология Открытое Акционерное Общество
Otros Autores: Качин С. В. Сергей Васильевич (научный руководитель)
Sumario:Заглавие с титульного экрана
Электронная версия печатной публикации
Защита сост. 28.11.2024
На правах рукописи
Текстовый файл
Lenguaje:ruso
Publicado: Красноярск, 2024
Materias:
Acceso en línea:https://earchive.tpu.ru/handle/11683/80626
Formato: MixedMaterials Electrónico Libro
KOHA link:https://koha.lib.tpu.ru/cgi-bin/koha/opac-detail.pl?biblionumber=675308

MARC

LEADER 00000nam0a2200000 4500
001 675308
005 20241115094704.0
090 |a 675308 
100 |a 20241009d2024 k||y0rusy50 ca 
101 0 |a rus 
102 |a RU 
105 |a a m 001yy 
135 |a drcn ---uucaa 
181 0 |a i   |b  e  
182 0 |a b 
183 0 |a cr  |2 RDAcarrier 
200 1 |a Новый подход к анализу геологических и технических материалов методом АЭС-ИСП  |e диссертация на соискание ученой степени кандидата химических наук  |e спец. 1.4.2  |f Каримова Татьяна Анатольевна  |g науч. рук. С. В. Качин ; Сибирский федеральный университет 
203 |a Текст  |c электронный  |b визуальный 
210 1 |a Красноярск  |d 2024 
215 |a 1 файл (3 304 КБ, 123 с.)  |c pdf 
283 |2 RDAcarrier  |a online_resource 
300 |a Заглавие с титульного экрана 
300 |a Электронная версия печатной публикации 
300 |a Защита сост. 28.11.2024 
320 |a Список литературы: с. 99-110 (110 назв.) 
333 |a На правах рукописи 
336 |a Текстовый файл 
606 |a Горные породы  |x Химический анализ  |9 35582 
610 1 |a электронный ресурс 
610 1 |a диссертации 
610 1 |a минеральное сырье 
610 1 |a силикатные анализы 
610 1 |a атомно-эмиссионная спектрометрия с индуктивно связанной плазмой 
610 1 |a атомно-эмиссионная спектрометрия 
610 1 |a плазма 
610 1 |a АЭС-ИСП 
610 1 |a градуировка 
610 1 |a пробоподготовка 
610 1 |a геологические материалы 
610 1 |a технические материалы 
675 |a 552.08:54(04)  |v 4 
686 |2 oksvnk  |a 02.00.02 
700 1 |a Каримова  |b Т. А.  |g Татьяна Анатольевна 
702 1 |a Качин  |b С. В.  |g Сергей Васильевич  |4 727 
712 0 2 |a Сибирский федеральный университет  |c (Красноярск)  |9 24973  |4 570 
712 0 2 |a Росгеология  |b Открытое Акционерное Общество  |4 570  |9 27352 
801 0 |a RU  |b 63413507  |c 20241009  |g RCR 
850 |a 63413507 
856 4 |u https://earchive.tpu.ru/handle/11683/80626  |z https://earchive.tpu.ru/handle/11683/80626 
942 |c CF